000 00233nam a2200097Ia 4500
008 190216s9999||||xx |||||||||||||| ||und||
100 _aSivaraman Nair
245 0 _aSamara Samvidanam
260 _bKerala Basha Inst
942 _cBK
999 _c37683
_d37683